000 00624nam a2200205 4500
001 121276
003 ES-MaACL
005 20250813062718.0
007 t|
008 070214s1982 sp r ||||1| spa d
100 1 _aPoole, Roger.
_993079
245 1 3 _aLa Virginia Woolf desconocida /
_cRoger Poole ; versión de María Dolores López Martínez.
260 _aMadrid :
_bAlianza,
_c1982.
300 _a365 p. ;
_c20 cm.
490 1 _aAlianza tres ;
_v91
700 1 _aLópez Martínez, María Dolores.
_973760
830 0 0 _aAlianza tres
_v91
_9177344
852 _aES-MaACL
_jL-2680
_bR.103126
999 _c121276
_d121276